| 000 | 00735nam a22002297a 4500 | ||
|---|---|---|---|
| 999 |
_c5796 _d5796 |
||
| 003 | OSt | ||
| 005 | 20251112080513.0 | ||
| 008 | 251112b ||||| |||| 00| 0 eng d | ||
| 020 | _a9780887080159 | ||
| 040 | _cKH8 | ||
| 082 | _a581.467 CAR | ||
| 100 | 1 |
_aCarle, Eric _eAuthor |
|
| 245 | 1 | 4 |
_aThe tiny seed _cEric Carle |
| 260 |
_a1230 Avenues of the America,New York,New York 10020 _bSimon & Schuster Books for Young Readers _c1987 |
||
| 300 |
_a30 pages _bcolour illustration _c20 cm x 29 cm |
||
| 500 | _aReprint. Originally published: New York: Crowell, 1970. | ||
| 650 | 0 |
_aPlants _vFiction |
|
| 650 | 0 |
_aSeeds _vFiction |
|
| 650 | 0 |
_aPlants _xDevelopment _vFiction. |
|
| 650 | 0 |
_aSeeds _xDispersal _vFiction |
|
| 942 |
_2ddc _cFIC |
||